<?xml version="1.0" encoding="UTF-8"?><?xml-stylesheet type="text/xsl" href="static/style.xsl"?><OAI-PMH xmlns="http://www.openarchives.org/OAI/2.0/" xmlns:xsi="http://www.w3.org/2001/XMLSchema-instance" xsi:schemaLocation="http://www.openarchives.org/OAI/2.0/ http://www.openarchives.org/OAI/2.0/OAI-PMH.xsd"><responseDate>2026-04-17T22:16:39Z</responseDate><request verb="GetRecord" identifier="oai:www.recercat.cat:20.500.12328/5168" metadataPrefix="marc">https://recercat.cat/oai/request</request><GetRecord><record><header><identifier>oai:recercat.cat:20.500.12328/5168</identifier><datestamp>2026-01-14T23:31:55Z</datestamp><setSpec>com_2072_67741</setSpec><setSpec>col_2072_484352</setSpec></header><metadata><record xmlns="http://www.loc.gov/MARC21/slim" xmlns:dcterms="http://purl.org/dc/terms/" xmlns:xsi="http://www.w3.org/2001/XMLSchema-instance" xmlns:doc="http://www.lyncode.com/xoai" xsi:schemaLocation="http://www.loc.gov/MARC21/slim http://www.loc.gov/standards/marcxml/schema/MARC21slim.xsd">
   <leader>00925njm 22002777a 4500</leader>
   <datafield ind2=" " ind1=" " tag="042">
      <subfield code="a">dc</subfield>
   </datafield>
   <datafield ind2=" " ind1=" " tag="720">
      <subfield code="a">Marimon, Frederic</subfield>
      <subfield code="e">author</subfield>
   </datafield>
   <datafield ind2=" " ind1=" " tag="720">
      <subfield code="a">ARIAS VALLE, MARIA BELEN</subfield>
      <subfield code="e">author</subfield>
   </datafield>
   <datafield ind2=" " ind1=" " tag="260">
      <subfield code="c">2025-11-10</subfield>
   </datafield>
   <datafield ind2=" " ind1=" " tag="520">
      <subfield code="a">Adequate financing for sustainability in higher education institutions (HEIs) is crucial  for  advancing  the  implementation  of  policies  that  address  social,  economic,  and environmental  challenges  of  the  21st  century.  This  paper   analyzes  the  regulatory frameworks and financial practices of  HEIs in Argentina, evaluating their impact on the institutions'    ability    to    develop    and    sustain    sustainability    policies.    Through    a comprehensive  analysis  of  national  legislation,  international  reports,  and  academic literature, the study identifies the main barriers and opportunities within the Argentine context. The results reveal that, although the Law 27.621 of 2021 provides a regulatory framework for environmental education, the lack of clear financing mechanisms has led to  a  fragmented  implementation  of  sustainability  policies  across  Argentine  HEIs.  In contrast  with  international  models,  specific  and  sustained  funding,  as  well  as  public-private   collaboration,   are   essential   to   ensure   equity   and   effectiveness   in   policy implementation.  The  article  concludes  that  overcoming  current  limitations  requires reforming   the   Argentine   regulatory   framework   to   incorporate   dedicated   financing mechanisms that promote strategic partnerships and establish monitoring and evaluation systems. These measures will enable Argentine HEIs to advance more decisively towards an educational model aligned with the Sustainable Development Goals (SDGs).</subfield>
   </datafield>
   <datafield ind1="8" ind2=" " tag="024">
      <subfield code="a">Arias Valle,  M.  B.; Marimon, F. Higher  Education  and  Sustainability.  The  Challenge  of  Financing  in  Argentina. Revista Kawsaypacha: Sociedad Y Medio Ambiente, 2025, 16. Disponible en: &lt;https://revistas.pucp.edu.pe/index.php/Kawsaypacha/article/view/29863>. Fecha de acceso: 12 Ene 2026. DOI: 10.18800/kawsaypacha.202502.A005</subfield>
   </datafield>
   <datafield ind1="8" ind2=" " tag="024">
      <subfield code="a">2523-2894</subfield>
   </datafield>
   <datafield ind1="8" ind2=" " tag="024">
      <subfield code="a">http://hdl.handle.net/20.500.12328/5168</subfield>
   </datafield>
   <datafield ind1="8" ind2=" " tag="024">
      <subfield code="a">https://dx.doi.org/10.18800/kawsaypacha.202502.A005</subfield>
   </datafield>
   <datafield tag="653" ind2=" " ind1=" ">
      <subfield code="a">Education for sustainable development</subfield>
   </datafield>
   <datafield tag="653" ind2=" " ind1=" ">
      <subfield code="a">Educational financing</subfield>
   </datafield>
   <datafield tag="653" ind2=" " ind1=" ">
      <subfield code="a">University sustainability</subfield>
   </datafield>
   <datafield tag="653" ind2=" " ind1=" ">
      <subfield code="a">Public policy</subfield>
   </datafield>
   <datafield tag="653" ind2=" " ind1=" ">
      <subfield code="a">Argentina</subfield>
   </datafield>
   <datafield tag="653" ind2=" " ind1=" ">
      <subfield code="a">Educación para el desarrollo sostenible</subfield>
   </datafield>
   <datafield tag="653" ind2=" " ind1=" ">
      <subfield code="a">Financiamiento educativo</subfield>
   </datafield>
   <datafield tag="653" ind2=" " ind1=" ">
      <subfield code="a">Sostenibilidad universitaria</subfield>
   </datafield>
   <datafield tag="653" ind2=" " ind1=" ">
      <subfield code="a">Política pública</subfield>
   </datafield>
   <datafield tag="653" ind2=" " ind1=" ">
      <subfield code="a">Argentina</subfield>
   </datafield>
   <datafield tag="653" ind2=" " ind1=" ">
      <subfield code="a">Educació per al desenvolupament sostenible</subfield>
   </datafield>
   <datafield tag="653" ind2=" " ind1=" ">
      <subfield code="a">Finançament educatiu</subfield>
   </datafield>
   <datafield tag="653" ind2=" " ind1=" ">
      <subfield code="a">Sostenibilitat universitària</subfield>
   </datafield>
   <datafield tag="653" ind2=" " ind1=" ">
      <subfield code="a">Política pública</subfield>
   </datafield>
   <datafield tag="653" ind2=" " ind1=" ">
      <subfield code="a">Argentina</subfield>
   </datafield>
   <datafield ind2="0" ind1="0" tag="245">
      <subfield code="a">Higher education and sustainability. The challenge of financing in Argentina</subfield>
   </datafield>
</record></metadata></record></GetRecord></OAI-PMH>